German Literature Multiple Choice - Statistics

General Stats
  • This quiz has been taken 212 times
  • The average score is 9 of 14
Answer Stats
Question Answer % Correct
Who is commonly considered the German national poet? Johann Wolfgang von Goethe
91%
What are Franz Kafka's works known for? Overpowering bureaucracy
86%
What is a Bildungsroman about? The intellectual and moral development of a youth
86%
Which is the name of a novel written by Hermann Hesse? Steppenwolf
82%
Who are the Buddenbrooks? A declining merchant family
77%
What did Goethe, Schiller, Herder and Wieland essentially constitute? Weimar Classicism
73%
Erich Kästner's "Das doppelte Lottchen" inspired which children's movie? The Parent Trap
68%
Who wrote the lyrics to Beethoven's "Ode to Joy"? Friedrich Schiller
64%
What kind of fiction did have a major impact upon Sigmund Freud? Dark romantic fairy tales
59%
What do Droste-Hülsoff, Seghers and Jelinek have in common? they are women
59%
And what is a typical element of Epic theater? Distanced acting
50%
Who is one of the key authors of Epic theater? Bertolt Brecht
45%
Which historical figure did Friedrich Schiller NOT write a play about? Ivan the Terrible
45%
Who was Marcel Reich-Ranicki? a literary critic
41%
No matching quizzes found
Score Distribution
Percent of People with Each Score
Percentile by Number Answered
Your Score History
You have not taken this quiz